Designing with glass- Great Glass Buildings- 50 Modern Classics (Record no. 4503)
[ view plain ]
| 000 -LEADER | |
|---|---|
| fixed length control field | 00300nam a2200109Ia 4500 |
| 008 - FIXED-LENGTH DATA ELEMENTS--GENERAL INFORMATION | |
| fixed length control field | 200302s9999 xx 000 0 und d |
| 100 ## - MAIN ENTRY--PERSONAL NAME | |
| Personal name | Peter Hyatt |
| 245 ## - TITLE STATEMENT | |
| Title | Designing with glass- Great Glass Buildings- 50 Modern Classics |
| 260 ## - PUBLICATION, DISTRIBUTION, ETC. | |
| Name of publisher, distributor, etc. | Images Publishing, Austraila |
| 260 ## - PUBLICATION, DISTRIBUTION, ETC. | |
| Date of publication, distribution, etc. | 2004 |
| 300 ## - PHYSICAL DESCRIPTION | |
| Extent | 240 |
| Withdrawn status | Lost status | Damaged status | Not for loan | Permanent Location | Current Location | Date acquired | Cost, normal purchase price | Full call number | Barcode | Date last seen | Price effective from | Koha item type |
|---|---|---|---|---|---|---|---|---|---|---|---|---|
| BMS College of Architecture, Design and Planning | BMS College of Architecture, Design and Planning | 2020-03-03 | 4928.00 | 721.04496 | CL-UG69496 | 2020-03-03 | 2020-03-03 | UG Books from CL |